000 00611nam a2200229Ia 4500
003 OSt
005 20220918175626.0
006 a|||||r|||| 00| 0
007 ta
008 220917b |||||||| |||| 00| 0 eng d
024 _a18,268
037 _cTextual
040 _aARTS
_cARTS
_beng
041 _2eng
_aeng
082 _aO111,1M74:g, K3
100 _aBrower Reuben A.
_954573
245 0 _aPoetry of Robert Frost
_b Constellations of intention
260 _c1963
650 _aENGLISH LITERATURE
942 _hO111,1M74:g, K3
_cTEXL
_2CC
999 _c158396
_d158396